|
|
|
|
| LEADER |
00000nam a2200000Ia 4500 |
| 008 |
180829b2008 ho ||||| |||| 00| | spa d |
| 999 |
|
|
|c 2058
|d 2058
|
| 090 |
|
|
|a 12.07.02
|b 2015
|
| 110 |
|
|
|a Agencia Centroamericana de Acreditación de Posgrado
|9 4166
|
| 245 |
1 |
0 |
|a Manual de Acreditación de la ACAP /
|c Agencia Centroamericana de Acreditación de Posgrado
|
| 260 |
|
|
|a Tegucigalpa, Honduras :
|b ACAP,
|c 2008
|
| 300 |
|
|
|a 97 páginas
|
| 500 |
|
|
|a Aprobado por el Consejo de Acreditación de la ACAP en su V Reunión celebrada en Tegucigalpa, M.D.C., Honduras, 7 de marzo de 2008. Documento 2
|
| 650 |
1 |
4 |
|a NORMAS DE CALIDAD
|9 4165
|
| 650 |
1 |
4 |
|a ACREDITACIÓN (EDUCACIÓN)
|9 1135
|
| 650 |
1 |
4 |
|a MANUALES
|9 426
|
| 650 |
1 |
4 |
|a EDUCACIÓN SUPERIOR
|9 8
|
| 650 |
1 |
4 |
|a SISTEMA DE ESTUDIOS DE POSGRADO
|9 3984
|
| 942 |
|
|
|i 003668
|h 12.07.02 2015
|2 z
|c 01
|